书目信息 |
| 题名: |
希腊城邦制度
|
|
| 作者: | 顾准 著 | |
| 分册: | ||
| 出版信息: | 北京 中国社会科学出版社 1982 |
|
| 页数: | 177页 | |
| 开本: | 20cm | |
| 丛书名: | ||
| 单 册: | ||
| 中图分类: | K545 | |
| 科图分类: | ||
| 主题词: | 南欧--历史 | |
| 电子资源: | ||
| ISBN: | ||
| 000 | 00585nam0 2200205 45 | |
| 001 | 0312020806 | |
| 005 | 20060815110350.31 | |
| 010 | @dCNY0.67 | |
| 091 | @a11190·094 | |
| 100 | @a20031202d1982 km y0chiy0120 ea | |
| 101 | 0 | @achi |
| 200 | 1 | @a希腊城邦制度@AXi La Cheng Bang Zhi Du@e读希腊史笔记@EDu Xi La Shi Bi Ji@f顾准[著]@FGu Zhun[Zhu] |
| 210 | @a北京@c中国社会科学出版社@d1982 | |
| 215 | @a177页@d20cm | |
| 517 | @a读希腊史笔记@ADu Xi La Shi Bi Ji | |
| 606 | 0 | @a南欧@x历史 |
| 690 | @aK545@v3 | |
| 701 | 0 | @a顾准@4著 |
| 801 | @aCN@bTSTC@c20060815 | |
| 905 | @dK545@e4@f1@b216336 | |
| 希腊城邦制度:读希腊史笔记/顾准[著].-北京:中国社会科学出版社,1982 |
| 177页;20cm |
| ISBN :CNY0.67 |
| ● |
| 相关链接 |
|
|
|
|
正题名:希腊城邦制度
索取号:K545/4
 
预约/预借
| 序号 | 登录号 | 条形码 | 馆藏地/架位号 | 状态 | 备注 |
| 1 | 0216334 | 001602340 | 密集书库/ [索取号:K545/4] | 在馆 | |
| 2 | 0216335 | 001602297 | 密集书库/ [索取号:K545/4] | 在馆 | |
| 3 | 0216336 | 001395715 | 第二借阅区/ [索取号:K545/4] | 在馆 | |
| 4 | 0216337 | 001395751 | 第二样本阅览室/ [索取号:K545/4] | 在馆 | |
| 5 | 0462805 | 204628055 | 密集书库/ [索取号:K545/4] | 在馆 | |
| 6 | 0462806 | 204628064 | 密集书库/ [索取号:K545/4] | 在馆 |